Switzerland: oasis of free enterprise. (Record no. 90022)

MARC details
000 -LEADER
fixed length control field 00813cam a22002531 4500
001 - CONTROL NUMBER
control field sd 50000104
003 - CONTROL NUMBER IDENTIFIER
control field DLC
005 - DATE AND TIME OF LATEST TRANSACTION
control field 20260227112736.0
008 - FIXED-LENGTH DATA ELEMENTS--GENERAL INFORMATION
fixed length control field 940527s1950 nyu b 000 0 eng c
010 ## - LIBRARY OF CONGRESS CONTROL NUMBER
LC control number sd 50000104
035 ## - SYSTEM CONTROL NUMBER
System control number (OCoLC)30501682
040 ## - CATALOGING SOURCE
Original cataloging agency U.S. Dept. of State. Library
Transcribing agency IEN
Modifying agency DLC
042 ## - AUTHENTICATION CODE
Authentication code premarc
050 00 - LIBRARY OF CONGRESS CALL NUMBER
Classification number D410
Item number .F65 vol. 25, no. 17
100 1# - MAIN ENTRY--PERSONAL NAME
Personal name Bolles, Blair,
Dates associated with a name 1911-1990.
245 10 - TITLE STATEMENT
Title Switzerland: oasis of free enterprise.
260 ## - PUBLICATION, DISTRIBUTION, ETC.
Place of publication, distribution, etc. New York,
Name of publisher, distributor, etc. Foreign Policy Association,
Date of publication, distribution, etc. 1950.
300 ## - PHYSICAL DESCRIPTION
Extent [206]-215, [1] p.
Dimensions 27 cm.
440 #0 - SERIES STATEMENT/ADDED ENTRY--TITLE
Title Foreign policy reports,
Volume/sequential designation v. 25, no. 17
500 ## - GENERAL NOTE
General note "Basic facts about Switzerland": p. [216]
504 ## - BIBLIOGRAPHY, ETC. NOTE
Bibliography, etc. note Bibliographical footnotes.
651 #0 - SUBJECT ADDED ENTRY--GEOGRAPHIC NAME
Geographic name Switzerland
General subdivision Economic policy.
651 #0 - SUBJECT ADDED ENTRY--GEOGRAPHIC NAME
Geographic name Switzerland
General subdivision Foreign relations.

No items available.

Powered by Koha